000 00321nam a2200121Ia 4500
008 210707s1983 xx 000 0 und d
041 _aeng
082 _a001.6424P MATI
100 _aMATHUR (Akitya P) & others.
245 _aIntroduction to Pascal.
260 _aND
_bTata McGraw-Hill
_c1983
650 _aComputer Science
999 _c180460
_d180460